Statistiques concernant Films avec André Dussollier par image

Cliquez ici pour prendre le quiz!

Statistiques générales

  • Ce quiz a été pris 47 fois
  • Le résultat moyen est 5 sur 16

Statistiques - réponses

Réponse% Correct
Tanguy
87%
Trois Hommes et un couffin
79%
Tais-toi !
56%
Les Enfants du marais
51%
Boîte noire
36%
Effroyables jardins
31%
Un crime au Paradis
28%
Le Tigre et le Président
23%
A fond
21%
La Belle et la Bête
18%
Un cœur en hiver
15%
Diplomatie
13%
Le Crime est notre affaire
10%
Mon crime
10%
Adopte un veuf
5%
Le Colonel Chabert
5%

Distribution des résultats

Percentile par nombre de réponses

% des personnes avec chaque résultat

Votre développement - résultats

Vous n’avez pas pris ce quiz